Eastern Utah Libraries Catalog: Duchesne, Heber, Roosevelt, & Vernal

It ends with us / (Record no. 211640)

MARC details
000 -LEADER
fixed length control field 02871nam a22003738i 4500
001 - CONTROL NUMBER
control field BK0017919398
003 - CONTROL NUMBER IDENTIFIER
control field DLC
005 - DATE AND TIME OF LATEST TRANSACTION
control field 20160721084203.0
008 - FIXED-LENGTH DATA ELEMENTS--GENERAL INFORMATION
fixed length control field 160708s2016 nyu 000 1 eng
010 ## - LIBRARY OF CONGRESS CONTROL NUMBER
LC control number 2016025388
020 ## - INTERNATIONAL STANDARD BOOK NUMBER
International Standard Book Number 9781501110368 : PAP
Terms of availability 16.00
020 ## - INTERNATIONAL STANDARD BOOK NUMBER
International Standard Book Number 1501110365 : PAP
Terms of availability 16.00
Cancelled/invalid ISBN 9781501110375 (ebook)
037 ## - SOURCE OF ACQUISITION
Source of stock number/acquisition Pocket Books, 1230 Ave of Americas 9th Fl, New York, NY, USA, 10020
Note SAN 200-2442
040 ## - CATALOGING SOURCE
Original cataloging agency DLC
Language of cataloging eng
Description conventions rda
Transcribing agency DLC
050 00 - LIBRARY OF CONGRESS CALL NUMBER
Classification number PS3608.O623
Item number I84 2016
082 00 - DEWEY DECIMAL CLASSIFICATION NUMBER
Classification number 813/.6
Edition number 23
092 ## - LOCALLY ASSIGNED DEWEY CALL NUMBER (OCLC)
Classification number 813.6000
100 1# - MAIN ENTRY--PERSONAL NAME
Personal name Hoover, Colleen,
Relator term author.
245 10 - TITLE STATEMENT
Title It ends with us /
Statement of responsibility, etc Colleen Hoover.
250 ## - EDITION STATEMENT
Edition statement First Atria Paperback edition.
263 ## - PROJECTED PUBLICATION DATE
Projected publication date 1608
264 #1 - Production, Publication, Distribution, Manufacture, and Copyright Notice.
Place of production, publication, distribution, manufacture New York :
Name of producer, publisher, distributor, manufacturer Atria Books,
Date of production, publication, distribution, manufacture, or copyr 2016.
300 ## - PHYSICAL DESCRIPTION
Extent pages cm
336 ## - Content Type
Content type term text
337 ## - Media type
Media type term unmediated
338 ## - Carrier type
Carrier type term volume
520 ## - SUMMARY, ETC.
Summary, etc "The newest, highly anticipated novel from beloved #1 New York Times bestselling author, Colleen Hoover. Sometimes it is the one who loves you who hurts you the most. Lily hasn't always had it easy, but that's never stopped her from working hard for thelife she wants. She's come a long way from the small town in Maine where she grew up--she graduated from college, moved to Boston, and started her own business. So when she feels a spark with a gorgeous neurosurgeon named Ryle Kincaid, everything in Lily's life suddenly seems almost too good to be true. Ryle is assertive, stubborn, maybe even a little arrogant. He's also sensitive, brilliant, and has a total soft spot for Lily. And the way he looks in scrubs certainly doesn't hurt. Lily can't get him out of her head. But Ryle's complete aversion to relationships is disturbing. Even as Lily finds herself becoming the exception to his "no dating" rule, she can't help but wonder what made him that way in the first place. As questions about her new relationship overwhelm her, so do thoughts of Atlas Corrigan--her first love and a link to the past she left behind. He was her kindred spirit, her protector. When Atlas suddenly reappears, everything Lily has built with Ryle is threatened. With this bold and deeply personal novel, Colleen Hoover delivers a heart-wrenching story that breaks exciting new ground for her as a writer. Combining a captivating romance with a cast of all-too-human characters, It Ends With Us is an unforgettable tale of love that comesat the ultimate price"--
-- Provided by publisher.
650 #7 - SUBJECT ADDED ENTRY--TOPICAL TERM
Topical term or geographic name as entry element FICTION / Contemporary Women.
Source of heading or term bisacsh
650 #7 - SUBJECT ADDED ENTRY--TOPICAL TERM
Topical term or geographic name as entry element FICTION / Romance / Contemporary.
Source of heading or term bisacsh
650 #7 - SUBJECT ADDED ENTRY--TOPICAL TERM
Topical term or geographic name as entry element FICTION / Romance / General.
Source of heading or term bisacsh
655 #7 - INDEX TERM--GENRE/FORM
Genre/form data or focus term Love stories.
Source of term gsafd
776 08 - ADDITIONAL PHYSICAL FORM ENTRY
Display text Online version:
776 08 - ADDITIONAL PHYSICAL FORM ENTRY
Main entry heading Hoover, Colleen, author.
Title It ends with us
Edition First Atria Paperback edition.
Place, publisher, and date of publication New York : Atria Books, 2016
International Standard Book Number 9781501110375
Record control number (DLC) 2016032011
Holdings
Withdrawn status Lost status Source of classification or shelving scheme Damaged status Not for loan Collection code Home library Current library Shelving location Date acquired Source of acquisition Total Checkouts Total Renewals Full call number Barcode Date last seen Date checked out Cost, replacement price Price effective from Koha item type
    Dewey Decimal Classification     Fiction Wasatch County Library Wasatch County Library First Floor 05/03/2023 Donation 11 14 F Hoover 34301001879396 07/09/2025 06/02/2025 16.00 05/03/2023 BOOK
    Dewey Decimal Classification     Fiction Wasatch County Library Wasatch County Library First Floor 06/09/2024 Donation 12 8 F Hoover 34301002023002 03/02/2026 02/27/2026 16.99 06/09/2024 BOOK
    Dewey Decimal Classification     Fiction Wasatch County Library Wasatch County Library First Floor 11/05/2024 Amazon 5 8 F Hoover 34301002136226 03/04/2026 11/20/2025 29.00 11/05/2024 BOOK
This project was made possible through a grant from the Institute of Museum and Library Service administered by the Utah State Library Division.

Wasatch County Library

  • 465 East 1200 South, Heber City, Utah 84032
  • Phone 435-654-1511 | Fax 435-654-6456

Hours

  • Monday - Friday 9:30 AM - 8:00 PM
  • Saturday 9:30 AM - 1:30 PM
  • Closed Sundays and Holidays